[Event "Wch Juvenil 2013 sub-18"]
[Site "Al-Ain UAE"]
[Date "2013.12.20"]
[Round "3.33"]
[White "El Jawich, Amro"]
[Black "Igambergenov, Alibek"]
[Result "0-1"]
[WhiteElo "2156"]
[BlackElo "2323"]
[PlyCount "100"]
[EventDate "2013.12.19"]
[EventType "swiss"]
[EventRounds "11"]
[EventCountry "UAE"]
[Source "lmi"]
[SourceDate "2013.12.19"]

1. e4 c5 2. Nc3 d6 3. f4 Nc6 4. Nf3 g6 5. Bb5 Bg7 6. O-O e6 7. d3 Nge7 8. Qe1
O-O 9. f5 exf5 10. Qh4 Ne5 11. Bh6 N7c6 12. Ng5 f6 13. Bxg7 fxg5 14. Qh6 Rf7
15. Bxe5 Nxe5 16. exf5 Bxf5 17. Rae1 Rf8 18. Bc4+ Kh8 19. Ne4 Bxe4 20. Rxf8+
Qxf8 21. Qxf8+ Rxf8 22. Rxe4 Rf4 23. Bd5 b6 24. Re3 Kg7 25. c3 Kf8 26. g3 Rf5
27. Be4 Ng4 28. Re1 Re5 29. d4 cxd4 30. cxd4 Ra5 31. Bf3 Nh6 32. a3 Nf5 33. d5
Rc5 34. g4 Nd4 35. Be4 Rc4 36. Rf1+ Kg7 37. Bd3 Rc5 38. Be4 Ne2+ 39. Kf2 Nf4
40. Rd1 Kf6 41. Kf3 a5 42. h4 h6 43. Re1 Rb5 44. hxg5+ hxg5 45. Rb1 Rb3+ 46.
Kf2 Ke5 47. Bc2 Rh3 48. Re1+ Kxd5 49. Rd1+ Kc5 50. Rc1 Kb5 0-1

[Event "Wch Juvenil 2013 sub-18"]
[Site "Al-Ain UAE"]
[Date "2013.12.20"]
[Round "3.34"]
[White "Mindlin, Alon"]
[Black "Atanasov, Anatoli"]
[Result "1-0"]
[WhiteElo "2307"]
[BlackElo "2041"]
[PlyCount "92"]
[EventDate "2013.12.19"]
[EventType "swiss"]
[EventRounds "11"]
[EventCountry "UAE"]
[Source "lmi"]
[SourceDate "2013.12.19"]

1. d4 Nf6 2. c4 g6 3. Nc3 c5 4. d5 d6 5. g3 Bg7 6. Bg2 O-O 7. Nf3 Na6 8. O-O
Nc7 9. e4 Bg4 10. h3 Bxf3 11. Qxf3 a6 12. a4 b5 13. Qd3 bxc4 14. Qxc4 Rb8 15.
Kh2 Nd7 16. f4 Rb4 17. Qe2 c4 18. Be3 a5 19. Ra2 Na6 20. Nb5 Ndc5 21. Na7 Nd3
22. Nc6 Qc7 23. Qc2 Rfb8 24. Nxb8 Rxb8 25. Qe2 Nab4 26. Raa1 Bxb2 27. Rab1 Qd7
28. e5 Qxa4 29. e6 f6 30. f5 Qe8 31. Be4 a4 32. fxg6 hxg6 33. Rf4 Nxf4 34. gxf4
f5 35. Bxf5 gxf5 36. Qxb2 Qf8 37. Ba7 Nd3 38. Qg2+ Qg7 39. Qxg7+ Kxg7 40. Bxb8
Nxf4 41. Rb4 Ne2 42. Rxc4 a3 43. Ra4 Nc3 44. Rxa3 Nxd5 45. Rd3 Nb4 46. Re3 Nc6
1-0

[Event "Wch Juvenil 2013 sub-18"]
[Site "Al-Ain UAE"]
[Date "2013.12.20"]
[Round "3.35"]
[White "Schreiner, Till"]
[Black "De Abreu, Roberto N"]
[Result "1/2-1/2"]
[WhiteElo "2304"]
[BlackElo "2013"]
[PlyCount "55"]
[EventDate "2013.12.19"]
[EventType "swiss"]
[EventRounds "11"]
[EventCountry "UAE"]
[Source "lmi"]
[SourceDate "2013.12.19"]

1. d4 Nf6 2. c4 c5 3. d5 b5 4. Nf3 Bb7 5. Qc2 bxc4 6. e4 e6 7. Bxc4 exd5 8.
exd5 Bxd5 9. Bxd5 Nxd5 10. O-O Be7 11. Re1 Na6 12. Nc3 Nxc3 13. bxc3 Nc7 14.
Ba3 O-O 15. Rad1 Ne6 16. Ne5 Qa5 17. Rxd7 Bf6 18. Bc1 Rfe8 19. Rdd1 Nf8 20. Bf4
Ng6 21. Nxg6 hxg6 22. Bd2 c4 23. Re4 Rxe4 24. Qxe4 Rd8 25. Qc2 Bxc3 26. Bxc3
Rxd1+ 27. Qxd1 Qxc3 28. Qd8+ 1/2-1/2

[Event "Wch Juvenil 2013 sub-18"]
[Site "Al-Ain UAE"]
[Date "2013.12.20"]
[Round "3.36"]
[White "Alarcon Careaga, Gustavo"]
[Black "Hernandez Sanchez, Jairo Andre"]
[Result "0-1"]
[WhiteElo "2133"]
[BlackElo "2298"]
[PlyCount "56"]
[EventDate "2013.12.19"]
[EventType "swiss"]
[EventRounds "11"]
[EventCountry "UAE"]
[Source "lmi"]
[SourceDate "2013.12.19"]

1. e4 c5 2. Nf3 g6 3. d4 Bg7 4. d5 d6 5. Bb5+ Bd7 6. a4 Na6 7. O-O Nf6 8. Bxa6
bxa6 9. Re1 O-O 10. Qd3 Rb8 11. Nbd2 e6 12. dxe6 Bxe6 13. Ng5 Bc8 14. Nc4 d5
15. Bf4 Rb4 16. Ne5 Nh5 17. Qd2 Rd4 18. Qe3 Nxf4 19. Nexf7 Qc7 20. exd5 Nxd5
21. Qf3 h6 22. c3 Bg4 23. Qg3 Qxg3 24. hxg3 Rd2 25. Ne4 Rxb2 26. Nfd6 Nxc3 27.
f3 Nxe4 28. Nxe4 Bf5 0-1

[Event "Wch Juvenil 2013 sub-18"]
[Site "Al-Ain UAE"]
[Date "2013.12.20"]
[Round "3.37"]
[White "Soysal, Serkan"]
[Black "Eltigani, Omar"]
[Result "1-0"]
[WhiteElo "2114"]
[BlackElo "2288"]
[PlyCount "63"]
[EventDate "2013.12.19"]
[EventType "swiss"]
[EventRounds "11"]
[EventCountry "UAE"]
[Source "lmi"]
[SourceDate "2013.12.19"]

1. e4 c5 2. Nf3 e6 3. d4 cxd4 4. Nxd4 a6 5. Bd3 Nf6 6. O-O Qc7 7. Qe2 d6 8. c4
Nbd7 9. b3 g6 10. Bb2 Bg7 11. Nc3 O-O 12. Rad1 b6 13. Bc2 Bb7 14. Qd2 Rfd8 15.
f4 Nc5 16. Qe2 Nh5 17. f5 e5 18. Nf3 Qe7 19. g3 gxf5 20. Nh4 Nf4 21. Qe1 Qg5
22. Kh1 Nfe6 23. Rxf5 Qg4 24. Nd5 Nd4 25. Bxd4 exd4 26. Rf4 Qg5 27. Nf5 Bxd5
28. exd5 Re8 29. Qf1 d3 30. Bxd3 Nxd3 31. Qxd3 Be5 32. Rg4 1-0

[Event "Wch Juvenil 2013 sub-18"]
[Site "Al-Ain UAE"]
[Date "2013.12.20"]
[Round "3.38"]
[White "Igonin, Temur"]
[Black "Hasenohr, Benedict"]
[Result "0-1"]
[WhiteElo "2109"]
[BlackElo "2278"]
[PlyCount "110"]
[EventDate "2013.12.19"]
[EventType "swiss"]
[EventRounds "11"]
[EventCountry "UAE"]
[Source "lmi"]
[SourceDate "2013.12.19"]

1. e4 e6 2. d4 d5 3. Nd2 c5 4. exd5 Qxd5 5. Ngf3 cxd4 6. Bc4 Qd6 7. O-O Nf6 8.
Nb3 Nc6 9. Nbxd4 Nxd4 10. Nxd4 a6 11. Re1 Qc7 12. Bb3 Bd7 13. Bg5 Bd6 14. Nf5
Bxh2+ 15. Kh1 O-O-O 16. Nxg7 Bc6 17. Qe2 Ne4 18. Bxd8 Rxd8 19. Bxe6+ fxe6 20.
Nxe6 Qe7 21. Kxh2 Qxe6 22. Rad1 Qh6+ 23. Kg1 Nd2 24. Qg4+ Kb8 25. f4 Rd4 26.
Qg5 Qxg5 27. fxg5 Rd5 28. Kh1 Ne4 29. Rxd5 Bxd5 30. Re3 Bc6 31. Kh2 Nxg5 32.
Re7 Be4 33. c4 Bg6 34. b4 Bf7 35. b5 Bxc4 36. b6 Be6 37. a4 Bc8 38. a5 h6 39.
Re8 Nf7 40. Kg1 Nd6 41. Rh8 Nc4 42. Rxh6 Nxa5 43. Rh8 Nc4 44. Rh6 a5 45. Kf2 a4
46. Ke2 a3 47. Rh1 Nxb6 48. Ra1 Nc4 49. Kd3 b5 50. Kc3 Kc7 51. Kb4 Kc6 52. Rh1
Bd7 53. g4 Bxg4 54. Rh6+ Kb7 55. Kxb5 a2 0-1

[Event "Wch Juvenil 2013 sub-18"]
[Site "Al-Ain UAE"]
[Date "2013.12.20"]
[Round "3.39"]
[White "Madi, Aslan"]
[Black "Teh, Eu Wen Aron"]
[Result "1-0"]
[WhiteElo "2099"]
[BlackElo "2272"]
[PlyCount "171"]
[EventDate "2013.12.19"]
[EventType "swiss"]
[EventRounds "11"]
[EventCountry "UAE"]
[Source "lmi"]
[SourceDate "2013.12.19"]

1. e4 e5 2. Nf3 Nc6 3. Bc4 Bc5 4. c3 Nf6 5. d3 d6 6. Bb3 a5 7. O-O Ba7 8. Be3
O-O 9. h3 h6 10. Nbd2 Re8 11. Re1 Bxe3 12. fxe3 Be6 13. d4 Bxb3 14. Qxb3 Qc8
15. Nh4 Nd8 16. Kh2 Ne6 17. Rf1 Ng5 18. Nf5 Kh7 19. Rae1 b5 20. d5 Qd8 21. h4
Ngxe4 22. Nxe4 Nxe4 23. Qc2 Nc5 24. Nxg7+ e4 25. Nxe8 Qxh4+ 26. Kg1 Rxe8 27.
Rxf7+ Kh8 28. Ref1 Nd3 29. Rf8+ Rxf8 30. Rxf8+ Kg7 31. Rf1 Qg3 32. Qd1 Ne5 33.
Rf4 Nf3+ 34. Rxf3 exf3 35. Qxf3 Qe1+ 36. Kh2 Qd2 37. Qg4+ Kh7 38. Qe4+ Kg8 39.
Qg6+ Kf8 40. Qxh6+ Kf7 41. Qe6+ Kg7 42. Qe7+ Kg6 43. Qe8+ Kg7 44. Qd7+ Kg6 45.
Qg4+ Kf7 46. Qd7+ Kg6 47. Qxc7 Qxd5 48. Qd7 Qe5+ 49. Kh1 Qh5+ 50. Qh3 Qd1+ 51.
Kh2 Qd2 52. Qg4+ Kf7 53. Qf4+ Ke6 54. Qe4+ Kf7 55. Qb7+ Ke6 56. Qa6 Qxb2 57.
Qc8+ Kf6 58. Qf8+ Ke6 59. Qg8+ Ke7 60. Qg7+ Ke6 61. Kh3 Qd2 62. Qd4 Qxa2 63.
Qg4+ Ke7 64. Qg5+ Kf7 65. Qxb5 Qe6+ 66. Kh4 Qf6+ 67. Qg5 Qxc3 68. Qf4+ Ke7 69.
g4 Qh8+ 70. Kg3 Qh7 71. g5 Qg6 72. Kg4 Qe6+ 73. Kh5 d5 74. g6 d4 75. exd4 Qe2+
76. Kh6 Qd3 77. g7 Qh3+ 78. Kg6 Qe6+ 79. Kh7 Qh3+ 80. Kg6 Qe6+ 81. Kh5 Qg8 82.
Qe5+ Kd7 83. d5 Qh7+ 84. Kg5 Kd8 85. Qd6+ Kc8 86. Qe6+ 1-0

[Event "Wch Juvenil 2013 sub-18"]
[Site "Al-Ain UAE"]
[Date "2013.12.20"]
[Round "3.40"]
[White "Bargandzhiya, Zaza"]
[Black "Iyti, Basher"]
[Result "1/2-1/2"]
[WhiteElo "2039"]
[BlackElo "2269"]
[PlyCount "54"]
[EventDate "2013.12.19"]
[EventType "swiss"]
[EventRounds "11"]
[EventCountry "UAE"]
[Source "lmi"]
[SourceDate "2013.12.19"]

1. d4 g6 2. c4 c6 3. Nf3 Bg7 4. Nc3 Nf6 5. g3 O-O 6. Bg2 d6 7. O-O Nbd7 8. e4
e5 9. Re1 Qc7 10. b3 Re8 11. Bb2 exd4 12. Nxd4 Nc5 13. Qd2 Bd7 14. h3 Rad8 15.
Rad1 a5 16. Kh2 Bc8 17. Qc2 h5 18. Kh1 Re7 19. Qb1 Rde8 20. f4 Qb6 21. Kh2 Bh6
22. Bc1 Bg7 23. Bb2 Bh6 24. Bc1 Bg7 25. Bb2 Bd7 26. Qc2 Bh6 27. Nf3 Bg7 1/2-1/2

[Event "Wch Juvenil 2013 sub-18"]
[Site "Al-Ain UAE"]
[Date "2013.12.20"]
[Round "3.41"]
[White "Ramos Libon, Jean Piere"]
[Black "Menezes, Christoph"]
[Result "1-0"]
[WhiteElo "1947"]
[BlackElo "2260"]
[PlyCount "99"]
[EventDate "2013.12.19"]
[EventType "swiss"]
[EventRounds "11"]
[EventCountry "UAE"]
[Source "lmi"]
[SourceDate "2013.12.19"]

1. c4 e5 2. Nc3 Nf6 3. Nf3 Nc6 4. g3 g6 5. Bg2 Bg7 6. d3 O-O 7. Bg5 h6 8. Bd2
d6 9. O-O Be6 10. Qb3 Rb8 11. Ne1 Nd7 12. Qa3 a6 13. b4 Qc8 14. e3 Re8 15. Rb1
f5 16. Nd5 Ne7 17. Qa5 b6 18. Qa4 b5 19. Qc2 bxc4 20. dxc4 e4 21. Nxe7+ Rxe7
22. f3 d5 23. cxd5 Bxd5 24. fxe4 Bxe4 25. Bxe4 Rxe4 26. Rc1 c5 27. bxc5 Rb2 28.
Qd3 Qc6 29. Bc3 Bxc3 30. Qxc3 Re2 31. Qb3+ Kg7 32. Rc3 Ne5 33. Qb6 R4xe3 34.
Rxe3 Rxe3 35. Ng2 Re2 36. Qxc6 Nxc6 37. Rd1 Rxa2 38. Rd7+ Kf8 39. Nf4 Ne5 40.
h4 g5 41. Ne6+ Ke8 42. Rh7 f4 43. gxf4 Nf3+ 44. Kf1 g4 45. Rg7 Nxh4 46. Nc7+
Kd8 47. Ne6+ Kc8 48. c6 Kb8 49. Rg8+ Ka7 50. c7 1-0

[Event "Wch Juvenil 2013 sub-18"]
[Site "Al-Ain UAE"]
[Date "2013.12.20"]
[Round "3.42"]
[White "Thing, Bibek"]
[Black "Grandadam, Patrik"]
[Result "0-1"]
[WhiteElo "1902"]
[BlackElo "2243"]
[PlyCount "68"]
[EventDate "2013.12.19"]
[EventType "swiss"]
[EventRounds "11"]
[EventCountry "UAE"]
[Source "lmi"]
[SourceDate "2013.12.19"]

1. e4 c5 2. d4 cxd4 3. c3 dxc3 4. Nxc3 Nc6 5. Nf3 d6 6. Bc4 e6 7. O-O Be7 8.
Qe2 a6 9. Rd1 Qa5 10. Bf4 Ne5 11. a3 Nf6 12. Bxe5 dxe5 13. Qd2 Qc7 14. Rac1
Qxc4 15. Nd5 exd5 16. Rxc4 dxc4 17. Nxe5 O-O 18. Nxc4 Be6 19. Qe2 Rac8 20. Ne3
Nxe4 21. h3 Nf6 22. Nf5 Bc5 23. Qe5 Bxf5 24. Qxf5 Rc6 25. Rd3 g6 26. Qf3 Re8
27. Rd2 Kg7 28. g4 Ne4 29. Re2 Rf6 30. Qb3 Re7 31. Qd5 Bxf2+ 32. Kg2 Nc3 33. g5
Nxd5 34. gxf6+ Kxf6 0-1

[Event "Wch Juvenil 2013 sub-18"]
[Site "Al-Ain UAE"]
[Date "2013.12.20"]
[Round "3.43"]
[White "Klabis, Rokas"]
[Black "Baskara, Fiodias"]
[Result "1-0"]
[WhiteElo "2239"]
[BlackElo "1936"]
[PlyCount "77"]
[EventDate "2013.12.19"]
[EventType "swiss"]
[EventRounds "11"]
[EventCountry "UAE"]
[Source "lmi"]
[SourceDate "2013.12.19"]

1. e4 c6 2. c4 d5 3. cxd5 cxd5 4. exd5 Nf6 5. Nc3 Nxd5 6. d4 g6 7. Nf3 Bg7 8.
Bb5+ Bd7 9. Qb3 Nb6 10. Be3 O-O 11. O-O Be6 12. Qc2 a6 13. Be2 Nc6 14. Rfd1 Nd5
15. Qd2 Rc8 16. Rac1 Qa5 17. h4 Rfd8 18. Ng5 Nxc3 19. bxc3 Qxa2 20. Rc2 Qd5 21.
Bf3 Qc4 22. Be2 Qd5 23. c4 Qa5 24. Nxe6 fxe6 25. Bg4 Qxd2 26. Rcxd2 Ra8 27.
Bxe6+ Kh8 28. d5 Ne5 29. Rc2 Bf6 30. Rb1 b5 31. c5 Nc4 32. Ra2 Be5 33. Bg5 Re8
34. Bd7 Red8 35. Bc6 Bf6 36. Bxf6+ exf6 37. Bxa8 Rxa8 38. Rxb5 Rd8 39. Rxa6 1-0

[Event "Wch Juvenil 2013 sub-18"]
[Site "Al-Ain UAE"]
[Date "2013.12.20"]
[Round "3.45"]
[White "Mejak, Severin"]
[Black "Abdulla, Abdulwahab"]
[Result "1-0"]
[WhiteElo "2104"]
[BlackElo "1838"]
[PlyCount "33"]
[EventDate "2013.12.19"]
[EventType "swiss"]
[EventRounds "11"]
[EventCountry "UAE"]
[Source "lmi"]
[SourceDate "2013.12.19"]

1. d4 Nf6 2. c4 d6 3. Nf3 Bf5 4. Nc3 c6 5. h3 h5 6. Bf4 Nbd7 7. e3 Qa5 8. Qd2
e5 9. Bh2 O-O-O 10. a3 Qc7 11. Rc1 a6 12. b4 Be7 13. Qb2 Ne4 14. Bd3 Ng3 15.
Bxf5 Nxf5 16. Nd5 Qb8 17. e4 1-0

[Event "Wch Juvenil 2013 sub-18"]
[Site "Al-Ain UAE"]
[Date "2013.12.20"]
[Round "3.47"]
[White "Pon, Matt"]
[Black "Megalios, Konstantinos"]
[Result "1/2-1/2"]
[WhiteElo "2006"]
[BlackElo "2106"]
[PlyCount "50"]
[EventDate "2013.12.19"]
[EventType "swiss"]
[EventRounds "11"]
[EventCountry "UAE"]
[Source "lmi"]
[SourceDate "2013.12.19"]

1. d4 Nf6 2. c4 e6 3. Nf3 c5 4. d5 d6 5. Nc3 exd5 6. cxd5 g6 7. Nd2 Bg7 8. e4
O-O 9. Be2 Re8 10. O-O Nbd7 11. f4 c4 12. Kh1 Nb6 13. a4 a5 14. Ra3 h5 15. f5
Bd7 16. fxg6 fxg6 17. Nxc4 Nxc4 18. Bxc4 Ng4 19. Qe1 Rf8 20. h3 Rxf1+ 21. Bxf1
Ne5 22. Be3 Qf6 23. Ra1 Rf8 24. Be2 Rc8 25. Rd1 Qe7 1/2-1/2

[Event "Wch Juvenil 2013 sub-18"]
[Site "Al-Ain UAE"]
[Date "2013.12.20"]
[Round "3.48"]
[White "Badalyan, Shavarsh"]
[Black "Jacobsen, Fredrik Beer"]
[Result "1-0"]
[WhiteElo "2077"]
[BlackElo "1966"]
[PlyCount "95"]
[EventDate "2013.12.19"]
[EventType "swiss"]
[EventRounds "11"]
[EventCountry "UAE"]
[Source "lmi"]
[SourceDate "2013.12.19"]

1. d4 Nf6 2. c4 e6 3. Nf3 c5 4. d5 exd5 5. cxd5 d6 6. Nc3 g6 7. Bf4 Bg7 8. Qa4+
Bd7 9. Qb3 Qc7 10. e4 Nh5 11. Be3 O-O 12. Be2 a6 13. a4 Re8 14. Nd2 Nf6 15. h3
h6 16. f4 Bf5 17. e5 dxe5 18. O-O h5 19. Nc4 Ne4 20. Nxe4 Bxe4 21. d6 Qc6 22.
fxe5 Bd5 23. Bf3 Nd7 24. Rad1 Bxc4 25. Qxc4 Nxe5 26. Bxc6 Nxc4 27. Bxe8 Nxe3
28. Bxf7+ Kh7 29. d7 Nxd1 30. Rxd1 Bd4+ 31. Kf1 Kg7 32. Be8 Kf6 33. b4 Rd8 34.
Ke2 Ke5 35. bxc5 Bxc5 36. Bxg6 h4 37. Bf7 Bd4 38. Be8 Bc5 39. Rb1 b6 40. Kf3
Kd5 41. Kg4 Bf2 42. Rc1 Kd6 43. Rc8 Ke7 44. Rc2 Bg3 45. Rc6 b5 46. Rxa6 Rb8 47.
axb5 Rxb5 48. d8=Q+ 1-0

[Event "Wch Juvenil 2013 sub-18"]
[Site "Al-Ain UAE"]
[Date "2013.12.20"]
[Round "3.51"]
[White "Sengupta, Arjun"]
[Black "Thorpe, Thomas"]
[Result "1-0"]
[WhiteElo "1533"]
[BlackElo "1897"]
[PlyCount "77"]
[EventDate "2013.12.19"]
[EventType "swiss"]
[EventRounds "11"]
[EventCountry "UAE"]
[Source "lmi"]
[SourceDate "2013.12.19"]

1. e4 c5 2. Nc3 Nc6 3. g3 e6 4. Bg2 Nf6 5. d3 d5 6. exd5 exd5 7. Bg5 Be7 8. Qd2
Be6 9. Nge2 h6 10. Bxf6 Bxf6 11. Nf4 Ne7 12. Nh5 Bd4 13. Nf4 O-O 14. Nd1 Re8
15. c3 Be5 16. Nxe6 fxe6 17. Qe3 Qd6 18. f4 Bf6 19. Qd2 Nf5 20. O-O Rab8 21.
Ne3 Nxe3 22. Qxe3 b5 23. a3 a5 24. d4 cxd4 25. cxd4 Qb6 26. Rfd1 Rec8 27. Bf1
Rc2 28. Kh1 Rbc8 29. Rab1 Kh8 30. b4 a4 31. Qd3 R2c4 32. Qg6 Rxd4 33. Bd3 Kg8
34. Qh7+ Kf8 35. Qh8+ Ke7 36. Qxc8 Rxd3 37. Rxd3 Qf2 38. Rc1 Bd4 39. Qc2 1-0

[Event "Wch Juvenil 2013 sub-18"]
[Site "Al-Ain UAE"]
[Date "2013.12.20"]
[Round "3.53"]
[White "Choi, Hangsuk"]
[Black "Rygg, Snorre"]
[Result "0-1"]
[WhiteElo "1348"]
[BlackElo "1838"]
[PlyCount "60"]
[EventDate "2013.12.19"]
[EventType "swiss"]
[EventRounds "11"]
[EventCountry "UAE"]
[Source "lmi"]
[SourceDate "2013.12.19"]

1. d4 f5 2. e3 Nf6 3. Nf3 e6 4. Bd2 d5 5. c4 c6 6. cxd5 exd5 7. Be2 Nbd7 8. b4
Ne4 9. O-O Bd6 10. Bd3 O-O 11. b5 Qf6 12. bxc6 bxc6 13. Bc3 g5 14. Bxe4 fxe4
15. Ne5 Nxe5 16. dxe5 Bxe5 17. Bxe5 Qxe5 18. Nd2 Ba6 19. Re1 Rf6 20. Nb3 Qe7
21. Qg4 h6 22. Nd4 Raf8 23. f3 c5 24. Nb3 exf3 25. gxf3 Rxf3 26. Nd2 Rxe3 27.
Rf1 Bxf1 28. Rxf1 Re1 29. Nf3 Rxf1+ 30. Kxf1 Qf6 0-1

[Event "Wch Juvenil 2013 sub-18"]
[Site "Al-Ain UAE"]
[Date "2013.12.20"]
[Round "3.60"]
[White "Marwizi, Tanaka"]
[Black "Al Zarooni, Ahmed"]
[Result "0-1"]
[BlackElo "1723"]
[PlyCount "104"]
[EventDate "2013.12.19"]
[EventType "swiss"]
[EventRounds "11"]
[EventCountry "UAE"]
[Source "lmi"]
[SourceDate "2013.12.19"]
[WhiteElo "2264"]

1. d4 d5 2. c4 c6 3. Nc3 Nf6 4. e3 a6 5. a4 e6 6. Nf3 Be7 7. Qc2 O-O 8. Bd3
dxc4 9. Bxc4 Nbd7 10. O-O Nb6 11. Bd3 Nbd5 12. Nxd5 cxd5 13. Ne5 Bd7 14. f3 h6
15. Qf2 Qb6 16. Qh4 Rfe8 17. Qf2 Rac8 18. e4 Qb3 19. Qg3 Kf8 20. exd5 Qxd5 21.
Be3 Qb3 22. Qh3 Bxa4 23. Bxh6 Bb5 24. Bxb5 Qxb5 25. Be3 Kg8 26. f4 Rc2 27. f5
Qd5 28. Rf3 Ne4 29. fxe6 Qxe6 30. Qh5 Nf6 31. Qh3 Qxh3 32. Rxh3 Rxb2 33. Rd1
Nd5 34. Bc1 Rb1 35. Rhd3 Rc8 36. Rf3 Rcxc1 37. Rxc1 Rxc1+ 38. Kf2 Bf6 39. g4
Bxe5 40. dxe5 Rc2+ 41. Kg1 a5 42. Rb3 b6 43. h3 a4 44. Rb5 Rc5 45. Rb1 a3 46.
Ra1 Ra5 47. Kf2 a2 48. Ke1 b5 49. Kd2 b4 50. Kc2 Nc3 51. Kb3 Rd5 52. e6 fxe6
0-1

[Event "Wch Juvenil 2013 sub-18"]
[Site "Al-Ain UAE"]
[Date "2013.12.21"]
[Round "4.1"]
[White "Gabuzyan, Hovhannes"]
[Black "Drozdowski, Kacper"]
[Result "1/2-1/2"]
[WhiteElo "2532"]
[BlackElo "2463"]
[PlyCount "88"]
[EventDate "2013.12.19"]
[EventType "swiss"]
[EventRounds "11"]
[EventCountry "UAE"]
[Source "lmi"]
[SourceDate "2013.12.19"]

1. d4 Nf6 2. c4 g6 3. g3 Bg7 4. Bg2 d5 5. cxd5 Nxd5 6. Nc3 Nb6 7. Nf3 O-O 8.
O-O Nc6 9. e3 a5 10. d5 Ne5 11. Nxe5 Bxe5 12. e4 Bg7 13. Qc2 Bd7 14. Rd1 Qc8
15. Bf4 Nc4 16. Rac1 Ne5 17. Qe2 h5 18. Bg5 Re8 19. Qf1 Qb8 20. a4 c6 21. b3 e6
22. d6 f6 23. Be3 b6 24. h3 Nf7 25. f4 Rd8 26. e5 fxe5 27. Ne4 Rf8 28. Qd3 Qd8
29. Ng5 exf4 30. Nxf7 Rxf7 31. Bxf4 Qf6 32. Qe3 e5 33. Bg5 Qe6 34. Rxc6 Bxc6
35. Bxc6 Raf8 36. Bd5 Qxh3 37. Be7 Kh7 38. Bxf7 Rxf7 39. d7 Bh6 40. Qc3 h4 41.
Bxh4 Rxd7 42. Rxd7+ Qxd7 43. Qxe5 Qd1+ 44. Kh2 Qd2+ 1/2-1/2

[Event "Wch Juvenil 2013 sub-18"]
[Site "Al-Ain UAE"]
[Date "2013.12.21"]
[Round "4.2"]
[White "Bajarani, Ulvi"]
[Black "Barbot, Pierre"]
[Result "1-0"]
[WhiteElo "2500"]
[BlackElo "2404"]
[PlyCount "67"]
[EventDate "2013.12.19"]
[EventType "swiss"]
[EventRounds "11"]
[EventCountry "UAE"]
[Source "lmi"]
[SourceDate "2013.12.19"]

1. d4 Nf6 2. c4 g6 3. Nc3 d5 4. Nf3 Bg7 5. Qb3 dxc4 6. Qxc4 O-O 7. e4 a6 8. Be2
b5 9. Qb3 c5 10. dxc5 Bb7 11. e5 Nfd7 12. Be3 Nxe5 13. Nxe5 Bxe5 14. Rd1 Qc7
15. Nd5 Bxd5 16. Qxd5 Nc6 17. Bf3 Rac8 18. Qxc6 Qxc6 19. Bxc6 Rxc6 20. Rd2 Bc7
21. a3 Rd8 22. Rxd8+ Bxd8 23. Ke2 Kf8 24. g4 Bc7 25. b4 a5 26. a4 bxa4 27. b5
Re6 28. Ra1 Ke8 29. Rxa4 Kd7 30. Kd3 Kc8 31. h3 Re5 32. b6 Bb8 33. Kc4 Kb7 34.
Kb5 1-0

[Event "Wch Juvenil 2013 sub-18"]
[Site "Al-Ain UAE"]
[Date "2013.12.21"]
[Round "4.3"]
[White "Lewtak, Damian"]
[Black "Cori, Jorge"]
[Result "1/2-1/2"]
[WhiteElo "2306"]
[BlackElo "2609"]
[PlyCount "77"]
[EventDate "2013.12.19"]
[EventType "swiss"]
[EventRounds "11"]
[EventCountry "UAE"]
[Source "lmi"]
[SourceDate "2013.12.19"]

1. d4 Nf6 2. c4 g6 3. Nc3 d5 4. Nf3 Bg7 5. e3 O-O 6. Be2 c6 7. O-O dxc4 8. Bxc4
Bg4 9. Be2 Nbd7 10. h3 Bxf3 11. Bxf3 e5 12. dxe5 Nxe5 13. Be2 Qe7 14. Qc2 Ned7
15. Rb1 Rfd8 16. Rd1 Nb6 17. Bd2 Nfd5 18. Qb3 Rd7 19. Nxd5 Rxd5 20. Bb4 Qe6 21.
Rxd5 Qxd5 22. Qxd5 Nxd5 23. Be1 Kf8 24. Kf1 Ke8 25. Bf3 Rd8 26. Ke2 Be5 27. h4
Rd7 28. g3 a6 29. Bd2 h5 30. Bg2 Nc7 31. b3 Ne6 32. Rc1 Bf6 33. Bc3 Bxc3 34.
Rxc3 Ke7 35. Rc1 Rd8 36. Be4 a5 37. a3 Nc7 38. Bd3 Ne6 39. f3 1/2-1/2

[Event "Wch Juvenil 2013 sub-18"]
[Site "Al-Ain UAE"]
[Date "2013.12.21"]
[Round "4.5"]
[White "Javanbakht, Nima"]
[Black "Naroditsky, Daniel"]
[Result "0-1"]
[WhiteElo "2374"]
[BlackElo "2531"]
[PlyCount "68"]
[EventDate "2013.12.19"]
[EventType "swiss"]
[EventRounds "11"]
[EventCountry "UAE"]
[Source "lmi"]
[SourceDate "2013.12.19"]

1. d4 Nf6 2. c4 g6 3. Nc3 Bg7 4. e4 d6 5. f3 O-O 6. Be3 a6 7. Bd3 Nfd7 8. Nge2
c5 9. O-O Nc6 10. d5 Nce5 11. Nc1 b5 12. cxb5 Nxd3 13. Nxd3 axb5 14. Nxb5 Ba6
15. Nc3 Qa5 16. Qc2 Rfb8 17. Rfd1 Bxd3 18. Rxd3 Ne5 19. Rdd1 Nc4 20. Bc1 Qb4
21. a3 Qb3 22. Qxb3 Rxb3 23. Ra2 Rab8 24. a4 Nxb2 25. Bxb2 Rxb2 26. Rxb2 Rxb2
27. Nb5 Ra2 28. Na7 c4 29. Nc6 c3 30. Rc1 c2 31. Nb4 Rxa4 32. Nd3 Ra1 33. Rxa1
Bxa1 34. Kf2 Bb2 0-1

[Event "Wch Juvenil 2013 sub-18"]
[Site "Al-Ain UAE"]
[Date "2013.12.21"]
[Round "4.6"]
[White "Chigaev, Maksim"]
[Black "Ebeling, Daniel"]
[Result "1/2-1/2"]
[WhiteElo "2508"]
[BlackElo "2374"]
[PlyCount "83"]
[EventDate "2013.12.19"]
[EventType "swiss"]
[EventRounds "11"]
[EventCountry "UAE"]
[Source "lmi"]
[SourceDate "2013.12.19"]

1. e4 e5 2. Nf3 Nc6 3. d4 exd4 4. Nxd4 Bc5 5. Be3 Qf6 6. c3 Nge7 7. Be2 O-O 8.
O-O d5 9. Nxc6 Qxc6 10. exd5 Nxd5 11. Bxc5 Qxc5 12. Nd2 Rd8 13. Bf3 Nf4 14. Ne4
Qe7 15. Qb3 c6 16. Rad1 Be6 17. c4 Ng6 18. Qc3 Nh4 19. b3 Bf5 20. Ng3 Nxf3+ 21.
Qxf3 Bc2 22. Rxd8+ Rxd8 23. Qc3 Bg6 24. Re1 Qg5 25. Qb4 b6 26. Qd6 Qf6 27. Qxf6
gxf6 28. f4 Bc2 29. Nh5 f5 30. Kf2 Kf8 31. Ng3 c5 32. Nf1 Rd4 33. Ne3 Be4 34.
Rd1 Ke7 35. Ke2 Kd6 36. Rd2 Ke6 37. g3 Kd6 38. Ke1 Kc6 39. b4 a6 40. a4 Rxd2
41. b5+ Kd6 42. Kxd2 1/2-1/2

[Event "Wch Juvenil 2013 sub-18"]
[Site "Al-Ain UAE"]
[Date "2013.12.21"]
[Round "4.9"]
[White "Ma, Zhonghan"]
[Black "Lokander, Martin"]
[Result "1-0"]
[WhiteElo "2412"]
[BlackElo "2246"]
[PlyCount "71"]
[EventDate "2013.12.19"]
[EventType "swiss"]
[EventRounds "11"]
[EventCountry "UAE"]
[Source "lmi"]
[SourceDate "2013.12.19"]

1. Nf3 f5 2. c4 Nf6 3. Nc3 d6 4. d4 e6 5. Bf4 h6 6. h3 g5 7. Bh2 Bg7 8. e3 O-O
9. Bd3 Nc6 10. a3 Bd7 11. Qc2 a6 12. d5 exd5 13. cxd5 Ne7 14. Nd4 Ne4 15. Nxe4
fxe4 16. Bxe4 Bxd4 17. exd4 Qe8 18. O-O Rc8 19. f4 Qh5 20. Rae1 Rf7 21. f5 Qh4
22. g3 Qxh3 23. f6 Bb5 24. Bg2 Qg4 25. fxe7 Qxd4+ 26. Rf2 Kg7 27. Re6 Qxf2+ 28.
Qxf2 Rxf2 29. Kxf2 Bd7 30. Re4 Kf7 31. Bf3 g4 32. Bxg4 Bxg4 33. Rxg4 Kxe7 34.
Re4+ Kd7 35. g4 Rg8 36. Kf3 1-0

[Event "Wch Juvenil 2013 sub-18"]
[Site "Al-Ain UAE"]
[Date "2013.12.21"]
[Round "4.10"]
[White "Makhmutov, Rail"]
[Black "Hughes, John L"]
[Result "1-0"]
[WhiteElo "2396"]
[BlackElo "2155"]
[PlyCount "69"]
[EventDate "2013.12.19"]
[EventType "swiss"]
[EventRounds "11"]
[EventCountry "UAE"]
[Source "lmi"]
[SourceDate "2013.12.19"]

1. d4 d5 2. c4 e6 3. Nf3 c5 4. cxd5 exd5 5. g3 Nc6 6. Bg2 Nf6 7. O-O Be7 8. Nc3
O-O 9. b3 Re8 10. Bb2 Bg4 11. dxc5 Bxc5 12. Rc1 Bf8 13. h3 Bh5 14. e3 Qd7 15.
Ne2 Ne4 16. Nf4 Bxf3 17. Bxf3 Rad8 18. Bg2 Qf5 19. h4 d4 20. exd4 Bb4 21. d5
Nd2 22. dxc6 Nxf1 23. Qxf1 bxc6 24. Bxc6 Bd2 25. Bxe8 Rxe8 26. Ra1 Bxf4 27. Re1
Rxe1 28. Qxe1 h5 29. gxf4 Qg4+ 30. Kf1 Qh3+ 31. Ke2 Qxh4 32. Qg1 Qe7+ 33. Kf1
g6 34. Qg5 Qb7 35. Qd8+ 1-0